| 000 | 01091nam a22003137a 4500 | ||
|---|---|---|---|
| 003 | CHAP | ||
| 005 | 20220329135504.0 | ||
| 008 | 971013s1980 r 00010 d | ||
| 010 | _a37425 | ||
| 011 | _a38397 | ||
| 035 | _a42517 | ||
| 040 | _cCHAP | ||
| 090 | _aTesis | ||
| 100 | 0 | 0 |
_aMeza León, Lino. _975334 |
| 245 | _aEstratégias administrativas para la adquisición de un sistema de cómputo | ||
| 260 |
_aPuebla, Pue. : _bEl autor, _c1980 |
||
| 300 |
_a84 p. _b; apénd. : ilus |
||
| 502 | _aTesis (Lic. en Administración de Empresas) -- Universidad Autónoma de Puebla. Escuela de Administración de Empresas | ||
| 590 |
_aALEPH _b10 _c20130110 _lUCH01 _h1302 |
||
| 590 |
_aBATCH-UPD _b10 _c20130110 _lUCH01 _h2109 |
||
| 590 |
_aBATCH-UPD _b10 _c20130410 _lUCH01 _h1420 |
||
| 590 |
_aBATCH-UPD _b10 _c20130914 _lUCH01 _h1022 |
||
| 590 |
_aCONVERSION _b10 _c20130109 _lUCH01 _h1321 |
||
| 650 | 1 | 4 |
_aAdministración de empresas _xSistemas de informacion. _9928 |
| 650 | 1 | 4 |
_aComputación. _926122 |
| 901 | _aBK | ||
| 942 | _cTESIS | ||
| 949 |
_bBC _cTES _d-97894 _eTS1 _h17338 _i42517 _mD _si |
||
| 999 |
_c37425 _d37425 |
||